[Event "PUR-ch"]
[Site "Caguas"]
[Date "2008.07.25"]
[Round "8"]
[White "Guzman, Carlos M"]
[Black "Santana Alvarado, Miguel"]
[Result "1/2-1/2"]
[WhiteElo "2070"]
[BlackElo "2136"]
[PlyCount "129"]
[EventDate "2008.07.11"]
[EventType "tourn"]
[EventRounds "11"]
[EventCountry "PUR"]
[SourceTitle "EXT 2009"]
[Source "ChessBase"]
[SourceDate "2008.11.26"]
[SourceVersion "1"]
[SourceVersionDate "2008.11.26"]
[SourceQuality "1"]

1. e4 Nf6 2. e5 Nd5 3. d4 d6 4. c4 Nb6 5. f4 dxe5 6. fxe5 c5 7. d5 g6 8. Nc3 Bg7 9. Bf4 0-0 10. Qd2 e6 11. 0-0-0 exd5 12. cxd5 Bg4 13. Re1 c4 14. h3 Bf5 15. g4 Bd3 16. Bxd3 cxd3 17. Qxd3 Na6 18. d6 Rc8 19. Kb1 Nc4 20. Nf3 Qa5 21. Nd5 Rc5 22. Rd1 Nb4 23. Nxb4 Qxb4 24. Qb3 Qxb3 25. axb3 Nxe5 26. d7 Rd8 27. Rhe1 Rxd7 28. Nxe5 Rxd1+ 29. Rxd1 Bxe5 30. Bh6 f6 31. Rd8+ Kf7 32. Rd7+ Ke6 33. Rxh7 Rc7 34. Rxc7 Bxc7 35. Kc2 Kd5 36. Kd3 Be5 37. Bc1 g5 38. b4 b5 39. Be3 a6 40. b3 Bb2 41. Bb6 Be5 42. Bd8 Ke6 43. Bb6 Bd6 44. Ba5 Be7 45. Ke4 Bf8 46. Kd4 Bd6 47. Ke4 Be7 48. Ke3 f5 49. gxf5+ Kxf5 50. Kf3 Bd6 51. Ke3 Bf8 52. Kf3 Be7 53. Ke3 Ke5 54. Bc7+ Kf5 55. Ba5 Bf6 56. Bc7 Bb2 57. Bd8 Ba3 58. Ba5 Bb2 59. Bc7 Ba3 60. Ba5 Bc1+ 61. Kf3 Ke5 62. Kg4 Kf6 63. Bd8+ Kg6 64. Be7 Bd2 65. Bc5 1/2-1/2

[Event "PUR-ch"]
[Site "Caguas"]
[Date "2008.07.18"]
[Round "4"]
[White "Massana, Jorge"]
[Black "Santana Alvarado, Miguel"]
[Result "1/2-1/2"]
[WhiteElo "2212"]
[BlackElo "2136"]
[PlyCount "25"]
[EventDate "2008.07.11"]
[EventType "tourn"]
[EventRounds "11"]
[EventCountry "PUR"]
[SourceTitle "EXT 2009"]
[Source "ChessBase"]
[SourceDate "2008.11.26"]
[SourceVersion "1"]
[SourceVersionDate "2008.11.26"]
[SourceQuality "1"]

1. e4 Nf6 2. Nc3 d5 3. d4 dxe4 4. f3 e3 5. Bxe3 e6 6. Bd3 Be7 7. Qd2 0-0 8. Nge2 Nbd7 9. 0-0-0 c5 10. Kb1 a6 11. dxc5 Qc7 12. Na4 Nxc5 13. Nxc5 1/2-1/2

[Event "PUR-ch"]
[Site "Caguas"]
[Date "2008.07.13"]
[Round "3"]
[White "Santana Alvarado, Miguel"]
[Black "Santa, Juan"]
[Result "1/2-1/2"]
[WhiteElo "2136"]
[BlackElo "2219"]
[PlyCount "75"]
[EventDate "2008.07.11"]
[EventType "tourn"]
[EventRounds "11"]
[EventCountry "PUR"]
[SourceTitle "EXT 2009"]
[Source "ChessBase"]
[SourceDate "2008.11.26"]
[SourceVersion "1"]
[SourceVersionDate "2008.11.26"]
[SourceQuality "1"]

1. e4 c5 2. Nf3 e6 3. d3 d5 4. Qe2 Nc6 5. c3 Nge7 6. exd5 Nxd5 7. g3 Be7 8. Bg2 0-0 9. a4 b6 10. Na3 Bf6 11. 0-0 Ba6 12. Nb5 Rc8 13. h4 Qd7 14. Bg5 h6 15. Bxf6 Nxf6 16. Rad1 Rfd8 17. d4 Qe7 18. Ne5 Nxe5 19. dxe5 Ne8 20. Be4 Bb7 21. Nxa7 Rxd1 22. Rxd1 Ra8 23. Nb5 Rxa4 24. Bc2 Ra8 25. Qd3 f5 26. exf6 Nxf6 27. Qd6 Qxd6 28. Nxd6 Bf3 29. Re1 Ra2 30. Bb3 Rxb2 31. Bxe6+ Kf8 32. Bf5 Re2 33. Kf1 Rxe1+ 34. Kxe1 Bc6 35. Kd2 b5 36. Bd3 c4 37. Bf5 Ke7 38. Nc8+ 1/2-1/2

[Event "Puerto Rico-ch"]
[Site "Puerto Rico"]
[Date "2007.07.27"]
[Round "10"]
[White "Santana Alvarado, Miguel"]
[Black "Rodriguez Santiago, Jaime"]
[Result "0-1"]
[WhiteElo "2130"]
[BlackElo "2030"]
[PlyCount "72"]
[EventDate "2007.07.13"]
[EventType "tourn"]
[EventRounds "11"]
[EventCountry "PUR"]
[SourceTitle "EXT 2010"]
[Source "ChessBase"]
[SourceDate "2010.11.25"]
[SourceVersion "1"]
[SourceVersionDate "2010.11.25"]
[SourceQuality "1"]

1. e4 c5 2. c3 Nf6 3. Qa4 Qc7 4. Nf3 Nc6 5. Bb5 g6 6. 0-0 Bg7 7. d3 0-0 8. Bxc6 dxc6 9. Be3 b6 10. h3 e5 11. Qc2 Rd8 12. a4 Ba6 13. Rd1 Qe7 14. a5 Qd6 15. axb6 Bxd3 16. Qa4 a5 17. Ne1 c4 18. Na3 Qe6 19. f3 Bf8 20. Rd2 c5 21. b7 Rab8 22. Qxa5 Rd7 23. Bxc5 Bxc5+ 24. Qxc5 Rdxb7 25. Nxd3 cxd3 26. b4 Rc8 27. Qa5 Rxc3 28. Rxd3 Rxd3 29. Qa8+ Kg7 30. Qxb7 Qb3 31. Qb5 Qc3 32. Kh2 Rxf3 33. Rb1 Rf2 34. Qc5 Qd2 35. Rg1 Qf4+ 36. Kh1 Ng4 0-1

[Event "PUR-ch"]
[Site "Caguas"]
[Date "2006.04.01"]
[Round "8"]
[White "Santana Alvarado, Miguel"]
[Black "Machin Rivera, Mark"]
[Result "0-1"]
[WhiteElo "2343"]
[BlackElo "2026"]
[PlyCount "50"]
[EventDate "2006.03.17"]
[EventType "swiss"]
[EventRounds "9"]
[EventCountry "PUR"]
[SourceTitle "EXT 2008"]
[Source "ChessBase"]
[SourceDate "2007.11.25"]
[SourceVersion "1"]
[SourceVersionDate "2007.11.25"]
[SourceQuality "1"]

1. e4 c5 2. Nf3 d6 3. d4 cxd4 4. Nxd4 Nf6 5. Nc3 Nc6 6. Bg5 e6 7. Qd2 Be7 8. 0-0-0 0-0 9. f4 Nxd4 10. Qxd4 Qa5 11. Bd3 e5 12. Qg1 Bg4 13. Re1 Rfc8 14. f5 Rxc3 15. Bd2 Rxc2+ 16. Bxc2 Qxa2 17. Bc3 d5 18. h3 d4 19. Bxd4 exd4 20. Qxd4 Nxe4 21. Rxe4 Bg5+ 22. Re3 Qa1+ 23. Bb1 Bxe3+ 24. Qxe3 Rc8+ 25. Kd2 Qxb2+ 0-1

[Event "PUR-ch"]
[Site "Caguas"]
[Date "2006.03.25"]
[Round "5"]
[White "Modesto, Rafael"]
[Black "Santana Alvarado, Miguel"]
[Result "1-0"]
[WhiteElo "2099"]
[BlackElo "2343"]
[PlyCount "149"]
[EventDate "2006.03.17"]
[EventType "swiss"]
[EventRounds "9"]
[EventCountry "PUR"]
[SourceTitle "EXT 2008"]
[Source "ChessBase"]
[SourceDate "2007.11.25"]
[SourceVersion "1"]
[SourceVersionDate "2007.11.25"]
[SourceQuality "1"]

1. e4 Nf6 2. e5 Nd5 3. Nf3 d6 4. d4 Bg4 5. Be2 e6 6. 0-0 Be7 7. exd6 cxd6 8. c4 Nb6 9. b3 0-0 10. Bb2 Bf6 11. Nbd2 d5 12. c5 N6d7 13. b4 Nc6 14. b5 Ne7 15. Rc1 Ng6 16. c6 bxc6 17. bxc6 Nb6 18. Ba3 Be7 19. Bxe7 Qxe7 20. Ba6 Nh4 21. h3 Bh5 22. Qb3 Nxf3+ 23. Nxf3 Qc7 24. Qe3 Bxf3 25. Qxf3 Rae8 26. Qg3 Na8 27. Bb7 Qxg3 28. fxg3 Nc7 29. Kf2 f6 30. Rcd1 Kf7 31. Rfe1 Ke7 32. Re3 Kd6 33. Ra3 e5 34. Rxa7 Nb5 35. Ra5 Nxd4 36. c7 Kxc7 37. Bxd5 Rb8 38. Ra7+ Kd6 39. Bb3 Rfc8 40. Rxg7 Rc7 41. Rxc7 Kxc7 42. Rd3 Kd6 43. g4 Kc5 44. Rc3+ Kd6 45. Ke3 Rb7 46. Kf2 Rb8 47. Ke3 h6 48. Kf2 Rb7 49. Rd3 Rc7 50. Kg3 Ke7 51. Kf2 Rc1 52. Ke3 Re1+ 53. Kf2 Re2+ 54. Kf1 Rb2 55. Re3 Rb1+ 56. Kf2 Rb2+ 57. Kf1 Kd6 58. h4 Rb1+ 59. Kf2 Rc1 60. h5 Kc5 61. g5 Rh1 62. gxh6 Nf5 63. h7 Rxh5 64. Rh3 Nh4 65. g3 Rxh7 66. Rxh4 Rd7 67. Rc4+ Kd6 68. Rc3 Re7 69. g4 Rg7 70. Kf3 Rh7 71. Kg3 Rg7 72. Rf3 Rg6 73. Bc2 Rh6 74. Rf5 Kc5 75. Rh5 1-0

[Event "PUR-ch"]
[Site "Caguas"]
[Date "2006.03.19"]
[Round "3"]
[White "Santana Alvarado, Miguel"]
[Black "Berrios Echevarria, Gabriel"]
[Result "1-0"]
[WhiteElo "2343"]
[BlackElo "2032"]
[PlyCount "120"]
[EventDate "2006.03.17"]
[EventType "swiss"]
[EventRounds "9"]
[EventCountry "PUR"]
[SourceTitle "EXT 2008"]
[Source "ChessBase"]
[SourceDate "2007.11.25"]
[SourceVersion "1"]
[SourceVersionDate "2007.11.25"]
[SourceQuality "1"]

1. e4 c5 2. Nf3 Nc6 3. d4 cxd4 4. Nxd4 e6 5. Nb5 d6 6. c4 a6 7. N5c3 Nf6 8. Be2 Be7 9. 0-0 0-0 10. Be3 Qc7 11. Nd2 b6 12. Rc1 Qa7 13. g4 Bb7 14. g5 Nd7 15. f4 Rfd8 16. Qe1 Bf8 17. Qh4 g6 18. Rf3 Bg7 19. Rh3 Nf8 20. Nf3 Bxc3 21. Rxc3 d5 22. exd5 exd5 23. Qf2 d4 24. Nxd4 Nxd4 25. Bxd4 Rxd4 26. Qxd4 Bc8 27. Rhe3 Bf5 28. Bf3 Rc8 29. Bd5 Qc7 30. Qf6 Ne6 31. Rxe6 Bxe6 32. Bxe6 fxe6 33. Qxe6+ Kf8 34. Rd3 Qc5+ 35. Kg2 Qc6+ 36. Qxc6 Rxc6 37. b3 b5 38. Rd4 bxc4 39. Rxc4 Rd6 40. Kf3 Rd7 41. Ra4 Rd6 42. Ke4 Ke7 43. Rd4 Re6+ 44. Kd3 Rc6 45. b4 Ke6 46. Rc4 Rd6+ 47. Ke4 a5 48. b5 Rd2 49. Ra4 Re2+ 50. Kd4 Kf5 51. Kc5 Rxh2 52. b6 Ke6 53. Rxa5 Kd7 54. Ra7+ Kc8 55. a4 Rc2+ 56. Kd6 Rd2+ 57. Kc6 Rc2+ 58. Kb5 Rf2 59. a5 Rb2+ 60. Ka6 Rd2 1-0